• 首页
  • 本馆介绍
  • 公告通知
  • 最新文献
  • 馆藏检索
  • 电子资源
  • 读者导购
  • 参考咨询
  • 我的图书馆
  • 登录
  • 详细信息显示
  • 放入我的书架
  • 预约/预借图书
  • 作者相关作品
  • 分类相关作品
  • 丛书相关作品
  • 出版社相关作品

书目信息

  • 表格格式
  • 工作单格式
  • 卡片格式
题名:
微咸水滴灌荒漠植物研究
    
 
作者: 何新林 , 王振华 , 杨广 著
分册:  
出版信息: 北京   中国农业科学技术出版社  2014
页数: 250页
开本: 21cm
丛书名:
单 册:
中图分类: S275.6
科图分类:
主题词: 荒漠--植物--咸水灌溉--研究 , 荒漠 , 植物 , 咸水灌溉
电子资源:
ISBN: 978-7-5116-1578-7
000 00959nam0 2200289 450
001 012015000110
005 20151130093703.40
010    @a978-7-5116-1578-7@dCNY40.00
100    @a20140727d2014 em y0chiy50 ea
101 0  @achi
102    @aCN@b110000
105    @ay z 000yy
106    @ar
200 1  @a微咸水滴灌荒漠植物研究@Awei xian shui di guan huang mo zhi wu yan jiu@f何新林,王振华,杨广著
210    @a北京@c中国农业科学技术出版社@d2014
215    @a250页@d21cm
330    @a本书围绕微咸水滴灌典型荒漠植物的耗水规律及水分生长关系、微咸水滴灌胡杨和梭梭土壤水盐运移规律、微咸水滴灌胡杨和梭梭植物生理生态响应特征等内容进行论述。
606 0  @a荒漠@x植物@x咸水灌溉@x研究
606 0  @a荒漠
606 0  @a植物
606 0  @a咸水灌溉
690    @aS275.6@v5
701  0 @a何新林@Ahe xin lin@4著
701  0 @a王振华@Awang zhen hua@4著
701  0 @a杨广@Ayang guang@4著
801  0 @aCN@b碧洲教育@c20151127
905    @a10447@f4@dS275.6@e52
    
    微咸水滴灌荒漠植物研究/何新林,王振华,杨广著.-北京:中国农业科学技术出版社,2014
    250页;21cm
    
    
    ISBN 978-7-5116-1578-7:CNY40.00
    本书围绕微咸水滴灌典型荒漠植物的耗水规律及水分生长关系、微咸水滴灌胡杨和梭梭土壤水盐运移规律、微咸水滴灌胡杨和梭梭植物生理生态响应特征等内容进行论述。
●
相关链接 在E读中查询图书 在五车中查询图书 在当当中查询图书 在豆瓣中查询图书


正题名:微咸水滴灌荒漠植物研究     索取号:S275.6/52         预约/预借

序号 登录号 条形码 馆藏地/架位号 状态 备注
1 0871857   208718574   第二样本阅览室/ [索取号:S275.6/52] 在馆    
2 0871858   208718583   第三借阅区/ [索取号:S275.6/52] 在馆    
3 0871859   208718592   第三借阅区/ [索取号:S275.6/52] 在馆    
4 0871860   208718609   密集书库-生命科学系/ [索取号:S275.6/52] 在馆    
唐山师范学院图书馆 欢迎您!
大连网信软件有限公司© 版权所有